000 00860ngm a22002650a 4500
001 PT38951
003 AR-LpoUNG
005 20210202000535.0
007 vd cvaizq
008 191001suuuu||||ag |||||||||||||||||spa d
040 _aAR-LpoUNG
_bspa
_cAR-LpoUNG
_eaacr
041 _aspa
044 _aag
082 0 _a808.068 874gra
100 1 _aGroening, Matt
_eprod.
245 1 0 _aGrandes éxitos de los Simpsons
260 _aSan Luis :
_bAVH,
_cs.f.
300 _aDVD (110 min.) : son., col.
505 0 _aAño de Producción: 1990, 1992, 1994 y 1998. - Contiene los Siguientes Capítulos: Los Simpson se usan ante un fuego abierto., La dulce Canción de Seymour Skinner., Basura de titanes., Bart obtiene una "f"., La primera palabra de Lisa.
650 4 _aARGENTINA
651 4 _aArgentina
653 _aDVD
905 _a38951
942 _cDVD
999 _c55118
_d55118